Logo biblioteca
Santa Fe 2917, Rosario, Santa Fe
Lu-Vi 8 a 19.45
+54-341-4232362
bibliotecaeudoro@gmail.com
Facebook Biblioteca Pedagógica
Sitio web

El licenciado Vidriera y otras novelas ejemplares / (Registro nro. 32504)

Detalles MARC
000 -CABECERA
campo fijo de control de longitud 00843cam a2200241 4500
001 - NÚMERO DE CONTROL
campo de control 32504
003 - IDENTIFICADOR DEL NÚMERO DE CONTROL
campo de control AR-RoBPED
005 - FECHA Y HORADE LA ULTIMA TRANSACCION
campo de control 20260407092316.0
008 - ELEMENTOS DE LONGITUD FIJA--INFORMACION GENERAL
campo fijo de control de longitud 260406s1969 sp ||||| |||| 00| f spa d
040 ## - FUENTE CATALOGADORA
Centro catalogador/agencia de origen AR-RoBPED
041 ## - IDIOMA
Código de idioma para texto/pista de sonido o título independiente spa
100 1# - ENCABEZAMIENTO PRINCIPAL--AUTOR PERSONAL
Nombre de persona Cervantes Saavedra, Miguel de,
Fechas nac-muerte 1547-1616
9 (RLIN) 6908
245 13 - TITULO
Título El licenciado Vidriera y otras novelas ejemplares /
Mención de responsabilidad Miguel de Cervantes Saavedra ; edición y notas de Inmaculada Ferrer; prólogo de Luis Rosales.
260 ## - PUBLICACION
Lugar Navarra :
Editor Salvat,
Fecha 1969.
300 ## - DESCRIPCION FISICA
Extensión 189 p.
490 0# - SERIE
Mención de serie (Básica Salvat ;
Designación de volumen o secuencia 8)
650 17 - TERMINO DE MATERIA--CONTROLADO
Término controlado LITERATURA ESPAÑOLA
9 (RLIN) 687
Término controlado NOVELAS
9 (RLIN) 25
700 ## - ENCABEZAMIENTO SECUNDARIO--AUTOR PERSONAL
Nombre de persona Ferrer, Inmaculada
9 (RLIN) 30665
Función ed.
Nombre de persona Rosales, Luis
Fecha de nac-muerte 1910-1992
9 (RLIN) 30666
Función pról.
942 ## - ELEMENTOS KOHA
Fuente de clasificación Universal Decimal Classification
Número Koha k. 32504
Koha tipo de ítem Libro
Clasificación 860-31
Signatura librística C 45 l
Inventario Inv. 42362
945 ## - PROCESAMIENTO DE LA INFORMACIÓN LOCAL
Catalogador y fecha sa 06/04/2026 mev 07/04/2026
Existencias
Estado retirado Estado perdido Fuente de clasificación Estado dañado No se presta Biblioteca propietaria Biblioteca de reserva Fecha de adquisición Procedencia Total de préstamos Signatura topográfica completa Código de barras (nº de inventario) Fecha visto por última vez Catalogador y fecha Tipo de ítem Koha Nota pública
    Universal Decimal Classification     Biblioteca Pedagógica Eudoro Díaz Biblioteca Pedagógica Eudoro Díaz 06/04/2026 Donación   860-31 C 45 l 42362 06/04/2026 sa 06/04/2026 Libro Se presta 15 días.